[Event "SPICE Cup Open 2016"]
[Site "Saint Louis USA"]
[Date "2016.10.21"]
[Round "7.1"]
[White "Le, Quang Liem"]
[Black "Robson, Ray"]
[Result "1/2-1/2"]
[WhiteTitle "GM"]
[BlackTitle "GM"]
[WhiteElo "2723"]
[BlackElo "2670"]
[WhiteFideId "12401137"]
[BlackFideId "2023970"]
[EventDate "2016.10.17"]
[EventType "swiss"]

1. d4 Nf6 2. c4 g6 3. Nc3 d5 4. cxd5 Nxd5 5. Bd2 Bg7 6. e4 Nxc3 7. Bxc3 O-O 8.
Qd2 c5 9. d5 e6 10. Bc4 exd5 11. Bxd5 Nd7 12. Bxg7 Kxg7 13. Qc3+ Qf6 14. Ne2 Rb8
15. O-O-O b5 16. f3 Qxc3+ 17. Nxc3 Nb6 18. Rd2 b4 19. Nd1 a5 20. Ne3 Ba6 21. Rc2
Rfc8 22. Rd1 c4 23. Rd4 Rd8 24. h4 h5 25. Kb1 Rbc8 26. b3 cxb3 27. axb3 Rxc2 28.
Kxc2 f5 29. Rd1 f4 30. Nc4 Rc8 31. Be6 Rc6 32. Rd6 Rxd6 33. Nxd6 Kf6 34. Bh3 Ke7
35. e5 Nd7 36. Bxd7 Kxd7 37. Ne4 Bf1 38. g3 fxg3 39. Nxg3 Bg2 40. f4 Ke6 41. Kd3
Kd5 42. Ke3 Bh3 43. Ne4 Bf5 44. Nf6+ Kc5 45. Ne4+ Kd5 46. Nf6+ Kc6 47. Ne4 Be6
48. Nd2 Kc5 49. Ne4+ Kd5 50. Nd2 Kc5 51. Ne4+ Kb5 52. Nd2 a4 53. bxa4+ Kxa4 54.
Kd4 b3 55. Kc5 b2 56. Kd6 Bc4 57. e6 Kb4 58. e7 Bb5 59. Nb1 Kb3 60. Ke6 Be8 61.
Kf6 Kc2 62. Na3+ Kb3 63. Nb1 Kc2 64. Na3+ Kd3 65. Ke5 Ke2 66. Kf6 Kf2 67. Nb1
Kf3 68. f5 gxf5 69. Kxf5 Ke3 70. Ke5 Kd3 71. Na3 Kc3 72. Kf6 Kd4 73. Kf5 Kd5 74.
Nb1 Kd4 75. Na3 Kd3 76. Ke5 1/2-1/2

[Event "SPICE Cup Open 2016"]
[Site "Saint Louis USA"]
[Date "2016.10.21"]
[Round "7.2"]
[White "Brown, Michael William"]
[Black "Li, Ruifeng"]
[Result "1/2-1/2"]
[WhiteTitle "IM"]
[BlackTitle "IM"]
[WhiteElo "2431"]
[BlackElo "2538"]
[WhiteFideId "2037602"]
[BlackFideId "2061074"]
[EventDate "2016.10.17"]
[EventType "swiss"]

1. d4 e6 2. c4 b6 3. Nc3 Bb7 4. a3 Nf6 5. d5 Bd6 6. Nf3 O-O 7. e4 exd5 8. exd5
h6 9. h3 Na6 10. Be2 c6 11. dxc6 dxc6 12. O-O Nc5 13. Qc2 Qc7 14. Be3 Rfe8 15.
b4 Ne6 16. Rfe1 Rad8 17. Rad1 Qc8 18. Qf5 Nf4 19. Qxc8 Nxe2+ 20. Rxe2 Bxc8 21.
Red2 Bc7 22. Rxd8 Bxd8 23. Ne5 Bb7 24. c5 b5 25. Nf3 Bc7 26. Nd4 Rd8 27. Nf5
Rxd1+ 28. Nxd1 a5 29. Nc3 Kf8 30. Bd4 Ne8 31. Ne4 Bc8 32. Nfd6 Bd7 33. Kf1 f6
34. Ke2 Ke7 35. Ke3 axb4 36. axb4 Bb8 37. Nxe8 Bxe8 38. h4 h5 39. Nd6 Bg6 40. f3
Ke6 41. g4 Bc7 42. g5 Bd8 43. f4 Be7 44. Bc3 Bb1 45. Bd4 fxg5 46. fxg5 g6 47.
Bc3 Bf5 48. Bd4 Bh3 49. Bc3 Kd5 50. Bd4 Bg4 51. Bc3 Bxd6 52. cxd6 Kxd6 53. Bd4
Kd5 54. Bc5 Ke5 55. Kf2 Kf4 56. Bd6+ Ke4 57. Kg3 Kd5 58. Bf8 Kc4 59. Be7 1/2-1/2

[Event "SPICE Cup Open 2016"]
[Site "Saint Louis USA"]
[Date "2016.10.21"]
[Round "7.3"]
[White "Nyzhnyk, Illya"]
[Black "Sevian, Samuel"]
[Result "0-1"]
[WhiteTitle "GM"]
[BlackTitle "GM"]
[WhiteElo "2607"]
[BlackElo "2591"]
[WhiteFideId "14118084"]
[BlackFideId "2040506"]
[EventDate "2016.10.17"]
[EventType "swiss"]

1. e4 e5 2. Nf3 Nc6 3. Bc4 Bc5 4. O-O Nf6 5. d3 O-O 6. c3 d6 7. a4 a6 8. Bg5 Ba7
9. Nbd2 Qe7 10. Nh4 Kh8 11. Nf5 Bxf5 12. exf5 Qd7 13. Qf3 d5 14. Bb3 Rad8 15.
Rae1 Bc5 16. Qh3 Rfe8 17. Re2 Be7 18. Rfe1 Ng8 19. Nf3 Bxg5 20. Nxg5 Nf6 21. Re3
h6 22. Rg3 Re7 23. Ree3 e4 24. Re1 exd3 25. Rxe7 Qxe7 26. Re3 Qd7 27. Rxd3 Kg8
28. Nf3 Re8 29. Rd1 Re2 30. Rd2 Re7 31. Rd1 Ne5 32. Bc2 Qe8 33. Nxe5 Rxe5 34.
Kf1 c5 35. Qf3 b5 36. a5 Qd8 37. Qf4 Qe7 38. Qf3 Qc7 39. Qg3 Kh7 40. h3 Qe7 41.
Qf3 Qc7 42. Qg3 Kg8 43. Bb1 Qe7 44. Qf3 Qd8 45. Qf4 Qe8 46. Qf3 Qd8 47. Qf4 Re8
48. g4 Qxa5 49. h4 Qa1 50. g5 Qxb2 51. Kg2 Qe2 52. Rh1 Ng4 53. f6 h5 54. Rh3 Qe5
55. Qxe5 Rxe5 56. f3 Re2+ 57. Kg3 Ne5 58. fxg7 Kxg7 59. Rh1 Nc4 60. Kf4 a5 61.
Rd1 Ne3 62. Rd3 Ng2+ 63. Kg3 Rb2 0-1

[Event "SPICE Cup Open 2016"]
[Site "Saint Louis USA"]
[Date "2016.10.21"]
[Round "7.4"]
[White "Liang, Awonder"]
[Black "Xiong, Jeffery"]
[Result "0-1"]
[WhiteTitle "IM"]
[BlackTitle "GM"]
[WhiteElo "2478"]
[BlackElo "2647"]
[WhiteFideId "2056437"]
[BlackFideId "2047640"]
[EventDate "2016.10.17"]
[EventType "swiss"]

1. d4 Nf6 2. c4 e6 3. Nc3 Bb4 4. Nf3 b6 5. e3 Ne4 6. Qc2 Bb7 7. Bd3 f5 8. O-O
Bxc3 9. bxc3 O-O 10. Nd2 Qh4 11. f3 Nxd2 12. Bxd2 d6 13. d5 Na6 14. dxe6 Qf6 15.
e7 Rf7 16. e4 Nc5 17. exf5 Nxd3 18. Qxd3 Qxf5 19. Qxf5 Rxf5 20. Rfe1 Re8 21. Re2
Kf7 22. Rae1 Rc5 23. a3 Rxc4 24. Kf2 Rc5 25. g4 Rd5 26. Bc1 Rd3 27. Re3 Rxe3 28.
Rxe3 Rxe7 29. Rxe7+ Kxe7 30. Bg5+ Ke6 31. f4 g6 32. Ke3 Bd5 33. h4 Bb3 34. Kd2
Ba2 35. Ke3 Bb1 36. h5 gxh5 37. gxh5 Kd5 38. Bd8 c6 39. Bc7 Kc4 40. Kd2 d5 41.
Bb8 a6 42. Bc7 b5 43. Bd6 Bf5 44. Be5 Kb3 45. Bd6 h6 46. Bf8 a5 47. Be7 Bg4 48.
Bd8 a4 49. Be7 Bxh5 50. f5 Bg4 51. f6 Be6 52. Kd3 h5 53. Kd4 Bf7 54. Bd6 h4 55.
Kc5 Kxc3 56. Kxc6 Kc4 0-1

[Event "SPICE Cup Open 2016"]
[Site "Saint Louis USA"]
[Date "2016.10.21"]
[Round "7.5"]
[White "Leon Hoyos, Manuel"]
[Black "Shimanov, Aleksandr"]
[Result "0-1"]
[WhiteTitle "GM"]
[BlackTitle "GM"]
[WhiteElo "2488"]
[BlackElo "2639"]
[WhiteFideId "5105269"]
[BlackFideId "4198603"]
[EventDate "2016.10.17"]
[EventType "swiss"]

1. c4 g6 2. Nc3 Bg7 3. d4 Nf6 4. e4 d6 5. f3 O-O 6. Nge2 c5 7. Be3 Nc6 8. d5 Ne5
9. Ng3 h5 10. Be2 h4 11. Nf1 e6 12. f4 Nxc4 13. Bxc4 b5 14. Bb3 c4 15. dxe6 cxb3
16. exf7+ Rxf7 17. Qxb3 Qe8 18. Nd2 Ng4 19. Bg1 Be6 20. Qxb5 Qc8 21. Rc1 Rxf4
22. h3 Rb8 23. Qg5 Ne5 24. Bh2 Nd3+ 25. Ke2 Rf2+ 26. Kxd3 Qa6+ 27. Kc2 Rxb2+ 28.
Kd1 Rbxd2+ 29. Qxd2 Rxd2+ 30. Kxd2 Qb6 31. Rc2 Bh6+ 32. Ke1 Bc4 33. Rf1 Bxf1 34.
Kxf1 Qd4 35. Bg1 Qd3+ 36. Re2 Qxc3 37. Bxa7 Qc1+ 38. Re1 Qc4+ 39. Kg1 Bd2 40.
Rd1 Qe2 41. Ra1 Qxe4 42. a4 d5 43. Bf2 Bc3 44. Rd1 Qxa4 0-1

[Event "SPICE Cup Open 2016"]
[Site "Saint Louis USA"]
[Date "2016.10.21"]
[Round "7.6"]
[White "Banawa, Joel Cholo B."]
[Black "Durarbayli, Vasif"]
[Result "0-1"]
[WhiteTitle "FM"]
[BlackTitle "GM"]
[WhiteElo "2363"]
[BlackElo "2608"]
[WhiteFideId "2024055"]
[BlackFideId "13402935"]
[EventDate "2016.10.17"]
[EventType "swiss"]

1. e4 Nf6 2. e5 Nd5 3. d4 d6 4. Nf3 g6 5. Bc4 Nb6 6. Bb3 Bg7 7. O-O O-O 8. h3
Nc6 9. Qe2 a5 10. a4 dxe5 11. dxe5 Nd4 12. Nxd4 Qxd4 13. Re1 Be6 14. Bxe6 fxe6
15. Nd2 Nd5 16. Nf3 Qb6 17. c4 Nb4 18. Be3 c5 19. Ng5 Qc6 20. Rad1 Bh6 21. Rd2
Rf5 22. Nf3 Bxe3 23. Qxe3 Raf8 24. b3 Kg7 25. Red1 Rxf3 26. gxf3 Rxf3 27. Qg5
Qe8 28. Rd7 Nc6 29. Rc7 h6 30. Qh4 Qf7 31. Rd2 Rf4 32. Qg3 Rf3 33. Qh4 Rf4 34.
Qg3 Rf5 35. f4 Nd4 36. Rf2 b6 37. Qh4 g5 38. fxg5 h5 39. Rxf5 Nxf5 40. Qf4 Qe8
41. Qe4 Qd8 42. Rc6 Nd4 43. Qg2 Qb8 44. g6 Qb7 45. Qf2 Kxg6 46. Qg2+ Kf7 0-1

[Event "SPICE Cup Open 2016"]
[Site "Saint Louis USA"]
[Date "2016.10.21"]
[Round "7.7"]
[White "Ashwin, Jayaram"]
[Black "Troff, Kayden W"]
[Result "1-0"]
[WhiteTitle "GM"]
[BlackTitle "GM"]
[WhiteElo "2468"]
[BlackElo "2501"]
[WhiteFideId "5018137"]
[BlackFideId "2047896"]
[EventDate "2016.10.17"]
[EventType "swiss"]

1. d4 Nf6 2. Nf3 g6 3. Bg5 Bg7 4. Nbd2 d5 5. e3 O-O 6. Be2 Nbd7 7. O-O Re8 8. c4
c6 9. Rc1 Qa5 10. cxd5 Nxd5 11. Nc4 Qc7 12. Bh4 N7b6 13. Bg3 Qd8 14. Nce5 Rf8
15. Nd3 Nf6 16. Nd2 Re8 17. h3 Nfd7 18. Nf3 Nf6 19. Bh2 Ne4 20. Qc2 Nd5 21. Nde5
Nd6 22. Nd2 Be6 23. a3 Rc8 24. Bf3 Nb6 25. Rfd1 Nd7 26. Nb3 Qb6 27. Nc5 Bxe5 28.
dxe5 Nxc5 29. exd6 exd6 30. Rxd6 Nb3 31. Rcd1 a5 32. Qc3 Qc5 33. Rxe6 Rxe6 34.
Qxb3 Qb5 35. Qc3 h5 36. Bf4 Qf5 37. g4 Qb5 38. Rd7 Rce8 39. a4 Qxa4 40. gxh5 c5
41. h6 f6 42. Rxb7 Qa1+ 43. Kg2 Qb1 44. Bd5 Kh8 45. Bxe6 Qe4+ 46. Kh2 Qxb7 47.
Qxf6+ Kh7 48. Bf7 1-0

[Event "SPICE Cup Open 2016"]
[Site "Saint Louis USA"]
[Date "2016.10.21"]
[Round "7.8"]
[White "Chandra, Akshat"]
[Black "Kavutskiy, Konstantin"]
[Result "1-0"]
[WhiteTitle "IM"]
[BlackTitle "FM"]
[WhiteElo "2490"]
[BlackElo "2332"]
[WhiteFideId "25006711"]
[BlackFideId "2026384"]
[EventDate "2016.10.17"]
[EventType "swiss"]

1. d4 Nf6 2. c4 g6 3. Nc3 Bg7 4. e4 d6 5. Nf3 O-O 6. h3 e5 7. d5 Nh5 8. g3 Qe7
9. Nh2 Na6 10. Be2 f5 11. exf5 Rxf5 12. Bg4 Rf8 13. O-O Nf6 14. Bxc8 Raxc8 15.
Be3 c6 16. Ng4 c5 17. Nxf6+ Bxf6 18. Ne4 Rb8 19. a3 Qd7 20. Kg2 Nc7 21. b4 b6
22. Qg4 Qxg4 23. hxg4 b5 24. bxc5 bxc4 25. Rfd1 dxc5 26. Bxc5 Rf7 27. Bd6 Bd8
28. Bxe5 Rb5 29. Nd6 Rxd5 30. Nxf7 Kxf7 31. Bxc7 1-0

[Event "SPICE Cup Open 2016"]
[Site "Saint Louis USA"]
[Date "2016.10.21"]
[Round "7.10"]
[White "Neimer, Vitaly"]
[Black "Kannappan Priyadharshan"]
[Result "0-1"]
[WhiteTitle "IM"]
[BlackTitle "IM"]
[WhiteElo "2346"]
[BlackElo "2525"]
[WhiteFideId "2807017"]
[BlackFideId "5018293"]
[EventDate "2016.10.17"]
[EventType "swiss"]

1. d4 d5 2. Nf3 Nf6 3. c4 dxc4 4. e3 e6 5. Bxc4 a6 6. O-O c5 7. Ne5 Bd6 8. a4
O-O 9. Nc3 Qc7 10. f4 Rd8 11. Qf3 Nc6 12. Nxc6 bxc6 13. dxc5 Bxc5 14. Kh1 a5 15.
e4 Ba6 16. Bxa6 Rxa6 17. f5 Bd4 18. fxe6 fxe6 19. Bg5 Rb6 20. Rad1 Be5 21. Bxf6
Rxd1 22. Nxd1 Bxf6 23. Ne3 Rb3 24. e5 Qxe5 25. Qxc6 h5 26. Qc8+ Kf7 27. Nc4 Qd5
28. Qa6 Kg6 29. Re1 Rd3 30. Nxa5 Rd2 31. Qc6 Re2 32. Rg1 Qxa5 0-1

[Event "SPICE Cup Open 2016"]
[Site "Saint Louis USA"]
[Date "2016.10.21"]
[Round "7.11"]
[White "Santarius, Erik F"]
[Black "Gurevich, Daniel"]
[Result "1/2-1/2"]
[BlackTitle "IM"]
[WhiteElo "2289"]
[BlackElo "2488"]
[WhiteFideId "2025817"]
[BlackFideId "2044676"]
[EventDate "2016.10.17"]
[EventType "swiss"]

1. e4 c6 2. d4 d5 3. Nd2 dxe4 4. Nxe4 Bf5 5. Qf3 e6 6. c3 Nf6 7. Nxf6+ Qxf6 8.
Qg3 Nd7 9. Nf3 h6 10. Qc7 Rb8 11. Ne5 Qd8 12. Qxd8+ Rxd8 13. Nc4 Nb6 14. Nxb6
axb6 15. Bf4 Bd6 16. Bxd6 Rxd6 17. O-O-O Ke7 18. Bd3 Bxd3 19. Rxd3 Ra8 20. a3
Ra5 21. Re3 Rf5 22. f3 Kf6 23. Rhe1 c5 24. dxc5 bxc5 25. Rd1 Rxd1+ 26. Kxd1 Rh5
27. h3 Rg5 28. Re2 Rd5+ 29. Kc2 h5 30. c4 Rd4 31. Kc3 e5 32. b4 cxb4+ 33. axb4
g5 34. Re4 Rd1 35. c5 Ke6 36. Kc4 f5 37. Re2 Rd4+ 38. Kb5 e4 39. fxe4 fxe4 40.
Re3 h4 41. Rb3 Kd5 42. Kb6 e3 43. Rxe3 Rxb4+ 44. Kc7 Rb5 45. g3 Kd4 46. Rf3
Rxc5+ 47. Kxb7 Ke4 48. Rb3 hxg3 49. Rxg3 Kf4 50. Rg4+ Kf5 51. Rg3 Rc4 52. Kb6
Kg6 53. Kb5 Re4 54. Kc5 Kh5 55. Kd5 Re1 56. Kd4 Kh4 57. Rg4+ Kh5 1/2-1/2

[Event "SPICE Cup Open 2016"]
[Site "Saint Louis USA"]
[Date "2016.10.21"]
[Round "7.12"]
[White "Kiewra, Keaton F"]
[Black "Williams, Justus D"]
[Result "1-0"]
[WhiteTitle "IM"]
[BlackTitle "FM"]
[WhiteElo "2454"]
[BlackElo "2313"]
[WhiteFideId "2019280"]
[BlackFideId "2049929"]
[EventDate "2016.10.17"]
[EventType "swiss"]

1. d4 d5 2. c4 c6 3. Nf3 Nf6 4. Nc3 a6 5. cxd5 cxd5 6. Bf4 Nc6 7. e3 g6 8. Ne5
Bd7 9. Be2 Bg7 10. Qb3 b5 11. Nxd5 Nxe5 12. dxe5 Nxd5 13. Qxd5 Qa5+ 14. Qd2
Qxd2+ 15. Kxd2 f6 16. e4 fxe5 17. Be3 Rd8 18. Bd3 Be6 19. Ke2 Kf7 20. b3 h5 21.
Rac1 Rd6 22. Rc7 Rhd8 23. Rd1 R8d7 24. Rxd7 Bxd7 25. Bc5 Rc6 26. b4 Be6 27. Ra1
Bd7 28. a4 bxa4 29. Bc2 Rc7 30. Bxa4 Bb5+ 31. Bxb5 axb5 32. Ra8 Rb7 33. h4 Bf6
34. g3 Kg7 35. Kf3 g5 36. hxg5 Bxg5 37. Be3 Bf6 38. Rc8 Kf7 39. Kg2 Kg7 40. Rc5
Kf7 41. Bd2 e6 42. Kf3 Kg7 43. Bc3 Kf7 44. Ke2 h4 45. gxh4 Bxh4 46. Rxe5 Bf6 47.
Rc5 Bxc3 48. Rxc3 e5 49. Rc6 Ke7 50. Kf3 Rb8 51. Kg4 Rg8+ 52. Kf5 Rf8+ 53. Kxe5
Rxf2 54. Rc7+ Kd8 55. Rc5 Kd7 56. Rxb5 Kc6 57. Rd5 Rh2 58. b5+ Kc7 59. Kf6 Rf2+
60. Ke7 Rh2 61. e5 Rh5 62. Kf6 Rh6+ 63. Kg5 Rh1 64. e6 Rf1 65. e7 Re1 66. Kf6
Rf1+ 67. Ke6 Re1+ 68. Re5 Rxe5+ 69. Kxe5 Kd7 70. Kf6 1-0

[Event "SPICE Cup Open 2016"]
[Site "Saint Louis USA"]
[Date "2016.10.21"]
[Round "7.13"]
[White "Kaliksteyn, Alexander"]
[Black "Grabinsky, Aaron"]
[Result "1/2-1/2"]
[WhiteTitle "FM"]
[WhiteElo "2412"]
[BlackElo "2330"]
[WhiteFideId "2007630"]
[BlackFideId "2087090"]
[EventDate "2016.10.17"]
[EventType "swiss"]

1. d4 e6 2. Nf3 Nf6 3. Bf4 c5 4. e3 Nc6 5. Nbd2 d5 6. c3 Bd6 7. Bg3 O-O 8. Bd3
Re8 9. Ne5 Ne7 10. Ndf3 b6 11. Ng5 Rf8 12. e4 dxe4 13. Nxe4 Bxe5 14. Bxe5 Ng6
15. Nxf6+ gxf6 16. Qf3 fxe5 17. Bxg6 hxg6 18. Qxa8 Qc7 19. Qf3 exd4 20. Qf6 e5
21. h4 Qd8 22. Qxd8 Rxd8 23. cxd4 exd4 24. Kd2 c4 25. h5 b5 26. hxg6 fxg6 27. a3
a5 28. Rac1 Be6 29. Rce1 Rd6 30. Rh4 Bf5 31. Re8+ Kg7 32. Rb8 Rd5 33. f3 g5 34.
Rhh8 b4 35. Rhg8+ Kf7 36. axb4 axb4 37. Rgf8+ Kg7 38. Rxf5 c3+ 39. Kd3 Rxf5 40.
Rxb4 Rc5 1/2-1/2

[Event "SPICE Cup Open 2016"]
[Site "Saint Louis USA"]
[Date "2016.10.21"]
[Round "7.15"]
[White "Rosen, Eric S"]
[Black "Niemann, Hans M"]
[Result "0-1"]
[WhiteTitle "IM"]
[BlackTitle "FM"]
[WhiteElo "2382"]
[BlackElo "2288"]
[WhiteFideId "2032562"]
[BlackFideId "2093596"]
[EventDate "2016.10.17"]
[EventType "swiss"]

1. c4 Nf6 2. Nc3 d5 3. cxd5 Nxd5 4. g3 g6 5. Bg2 Nb6 6. h4 h5 7. d3 Bg7 8. Nh3
Nc6 9. Ng5 O-O 10. Be3 Nd4 11. O-O c6 12. Rc1 Bg4 13. Re1 Nd5 14. Bd2 Nb4 15. f3
Bc8 16. Na4 Nd5 17. e3 Nf5 18. Kh2 Qc7 19. f4 Nf6 20. Bf3 e5 21. Rc4 Nh6 22. Qb3
Nfg4+ 23. Kg2 Nf5 24. Qb4 Re8 25. Bd5 Nd6 26. Rcc1 Qd8 27. Bb3 b6 28. e4 c5 29.
Qa3 Bb7 30. Bd1 c4 31. Nc3 cxd3 32. Bb3 Bf6 33. Bd5 Bxd5 34. Nxd5 Bxg5 35. fxg5
Nxe4 36. Qxd3 Ngf2 37. Qb5 a6 38. Qc6 Re6 39. Qb7 Rd6 40. Ne7+ Kg7 41. Be3 Rd7
42. Qxb6 Nd3 43. Nc6 Qxb6 44. Bxb6 Nxe1+ 45. Rxe1 Rb7 46. Bg1 Rxb2+ 47. Kh3 Nf2+
48. Bxf2 Rxf2 49. Rxe5 Rc8 50. Rc5 Rxa2 51. Rc1 Re8 52. Rc3 a5 53. Rf3 a4 54.
Nb4 Rb2 55. Nd5 Rb3 56. Rf4 Ra8 57. Nc7 Ra7 58. Ne8+ Kf8 59. Nf6 a3 60. Re4 Ra8
61. Nd7+ Kg7 62. Nc5 Rc3 63. Na4 a2 0-1

[Event "SPICE Cup Open 2016"]
[Site "Saint Louis USA"]
[Date "2016.10.21"]
[Round "7.16"]
[White "Colas, Joshua"]
[Black "Rosenthal, Nicholas"]
[Result "1-0"]
[WhiteTitle "FM"]
[WhiteElo "2335"]
[BlackElo "2136"]
[WhiteFideId "2044447"]
[BlackFideId "2045150"]
[EventDate "2016.10.17"]
[EventType "swiss"]

1. d4 e6 2. g3 f5 3. Bg2 Nf6 4. c4 d5 5. Nc3 c6 6. Nh3 dxc4 7. O-O Bb4 8. e3
Nbd7 9. Qc2 Nb6 10. Na4 Nfd5 11. e4 fxe4 12. Nxb6 Nxb6 13. Qxe4 Be7 14. Nf4 Qd6
15. Bh3 O-O 16. Bxe6+ Kh8 17. Bxc8 Raxc8 18. Be3 Bf6 19. Qc2 Nd5 20. Qxc4 Nxf4
21. Bxf4 Qxd4 22. Qxd4 Bxd4 23. Rad1 c5 24. Be3 Bxe3 25. fxe3 Kg8 26. Rd7 Rxf1+
27. Kxf1 Rf8+ 28. Ke2 Rf7 29. Rd5 b6 30. Rd8+ Rf8 31. Rxf8+ Kxf8 32. Kd3 Ke7 33.
Kc4 Kd6 34. Kb5 Kd5 35. Ka6 c4 36. Kxa7 b5 37. a3 Kc5 38. e4 b4 39. axb4+ Kxb4
40. Kb6 Kb3 41. Kb5 1-0

[Event "SPICE Cup Open 2016"]
[Site "Saint Louis USA"]
[Date "2016.10.21"]
[Round "7.18"]
[White "Voelker, James"]
[Black "Mercado, Luisa Fernanda"]
[Result "1-0"]
[BlackTitle "WFM"]
[WhiteElo "2112"]
[BlackElo "1939"]
[WhiteFideId "2018853"]
[BlackFideId "4400984"]
[EventDate "2016.10.17"]
[EventType "swiss"]

1. e4 e5 2. d4 exd4 3. Nf3 d6 4. Nxd4 Nf6 5. Nc3 Be7 6. Be2 O-O 7. O-O Re8 8. f4
Nbd7 9. Bf3 Bf8 10. Re1 h6 11. Be3 Nc5 12. Bf2 a5 13. Bh4 Be7 14. Bg3 Bd7 15. a4
Qc8 16. h3 Bf8 17. Qd2 c6 18. Bh4 Nh7 19. g4 f6 20. Kh1 Qc7 21. Bg3 Rad8 22. Rg1
Bc8 23. h4 Ne6 24. Nde2 Nc5 25. h5 Be6 26. Rad1 Bf7 27. Nd4 Qc8 28. Nf5 Na6 29.
Qg2 Nb4 30. Bh4 Kh8 31. g5 fxg5 32. fxg5 hxg5 33. Bxg5 Rd7 34. Bf4 Be6 35. Nxd6
Bxd6 36. Bxd6 Rf7 37. Be5 Nf6 38. h6 Bh3 39. Qg6 Qe6 40. hxg7+ Kg8 41. Qh6 Nh7
42. Qxe6 Bxe6 43. Bh5 Nxc2 44. Rd2 Ne3 45. Bxf7+ Bxf7 46. Bd4 Nc4 47. Re2 Rd8
48. Bf2 Rd6 49. Be1 Rh6+ 50. Rh2 Rg6 51. Rhg2 Rh6+ 52. Rh2 Rxh2+ 53. Kxh2 Nxb2
54. Bf2 Nd3 55. Bh4 Ne5 56. Rb1 b5 57. axb5 cxb5 58. Rxb5 Nf3+ 59. Kg3 Nxh4 60.
Kxh4 Kxg7 61. Rxa5 Kf6 62. Kg4 Nf8 63. Rf5+ Ke6 64. Nd5 Nd7 65. Nf4+ Ke7 66. Kg5
Ba2 67. Nd5+ Kd6 68. Kf4 Bb1 69. Nc3 Bc2 70. Rb5 Ke6 71. Ke3 Ne5 72. Kd2 1-0

[Event "SPICE Cup Open 2016"]
[Site "Saint Louis USA"]
[Date "2016.10.21"]
[Round "7.19"]
[White "Cervantes Landeiro, Thalia"]
[Black "Eckert, Doug D."]
[Result "1/2-1/2"]
[WhiteTitle "WCM"]
[BlackTitle "FM"]
[WhiteElo "1910"]
[BlackElo "2191"]
[WhiteFideId "3520498"]
[BlackFideId "2001993"]
[EventDate "2016.10.17"]
[EventType "swiss"]

1. d4 Nf6 2. Nf3 e6 3. Bf4 c5 4. e3 Nc6 5. c3 d5 6. Bd3 Be7 7. h3 Bd6 8. Bxd6
Qxd6 9. O-O O-O 10. Nbd2 e5 11. dxe5 Nxe5 12. Nxe5 Qxe5 13. Nf3 Qe7 14. Bc2 b6
15. Re1 Bb7 16. Qe2 Ne4 17. Rad1 Rfd8 18. Bb3 Rd6 19. c4 Ba6 20. Qc2 dxc4 21.
Bxc4 Bxc4 22. Qxc4 Rad8 23. Qc2 h6 24. Rxd6 Rxd6 25. Rd1 Rxd1+ 26. Qxd1 Nf6 27.
Qd3 Qd7 28. Qxd7 Nxd7 29. Kf1 Kf8 30. Ke2 Ke7 31. e4 Kd6 32. Nd2 b5 33. b3 Nb6
34. Ke3 g5 35. g3 Ke6 36. f4 gxf4+ 37. gxf4 a5 38. Nb1 f5 39. Nc3 b4 40. Ne2 a4
41. exf5+ Kxf5 42. Ng3+ Ke6 43. Ne4 Kd5 44. Nf6+ Kc6 45. Ne4 Kd5 46. Nf6+ Kc6 1/2-1/2

[Event "SPICE Cup Open 2016"]
[Site "Saint Louis USA"]
[Date "2016.10.21"]
[Round "8.1"]
[White "Shimanov, Aleksandr"]
[Black "Le, Quang Liem"]
[Result "1/2-1/2"]
[WhiteTitle "GM"]
[BlackTitle "GM"]
[WhiteElo "2639"]
[BlackElo "2723"]
[WhiteFideId "4198603"]
[BlackFideId "12401137"]
[EventDate "2016.10.17"]
[EventType "swiss"]

1. e4 e5 2. Nf3 Nc6 3. Bc4 Bc5 4. O-O Nf6 5. d3 d6 6. c3 a6 7. a4 h6 8. Na3 O-O
9. Nc2 d5 10. exd5 Nxd5 11. d4 exd4 12. Ncxd4 Nxd4 13. Nxd4 Nb6 14. Bb3 Bxd4 1/2-1/2

[Event "SPICE Cup Open 2016"]
[Site "Saint Louis USA"]
[Date "2016.10.21"]
[Round "8.2"]
[White "Robson, Ray"]
[Black "Li, Ruifeng"]
[Result "1-0"]
[WhiteTitle "GM"]
[BlackTitle "IM"]
[WhiteElo "2670"]
[BlackElo "2538"]
[WhiteFideId "2023970"]
[BlackFideId "2061074"]
[EventDate "2016.10.17"]
[EventType "swiss"]

1. e4 c5 2. Nf3 d6 3. d4 cxd4 4. Nxd4 Nf6 5. Nc3 a6 6. Be3 e5 7. Nb3 Be6 8. f3
Be7 9. Qd2 h5 10. Be2 Nbd7 11. Nd5 Nxd5 12. exd5 Bf5 13. O-O O-O 14. Na5 Qc7 15.
c4 Bg6 16. b4 f5 17. Rac1 Rae8 18. c5 f4 19. cxd6 Qxd6 20. Bc5 Nxc5 21. bxc5 Qd7
22. Qb2 Rb8 23. d6 Bf6 24. Qb3+ Kh8 25. Bd3 e4 26. Bxe4 Bxe4 27. fxe4 b6 28. Qd5
bxa5 29. c6 Qa7+ 30. Kh1 Rb5 31. Qc4 Be5 32. c7 Bxd6 33. c8=Q Rxc8 34. Qxc8+ Kh7
35. Rc6 f3 36. Rxd6 fxg2+ 37. Kxg2 Qe3 38. Qc2 Rc5 39. Qd3 Rg5+ 40. Kh1 1-0

[Event "SPICE Cup Open 2016"]
[Site "Saint Louis USA"]
[Date "2016.10.21"]
[Round "8.3"]
[White "Sevian, Samuel"]
[Black "Xiong, Jeffery"]
[Result "1/2-1/2"]
[WhiteTitle "GM"]
[BlackTitle "GM"]
[WhiteElo "2591"]
[BlackElo "2647"]
[WhiteFideId "2040506"]
[BlackFideId "2047640"]
[EventDate "2016.10.17"]
[EventType "swiss"]

1. e4 Nf6 2. e5 Nd5 3. d4 d6 4. Nf3 g6 5. Bc4 c6 6. O-O Bg7 7. Re1 O-O 8. Bb3
Bg4 9. h3 Bxf3 10. Qxf3 dxe5 11. dxe5 e6 12. Qg3 Nd7 13. Nd2 Nc5 14. Ne4 Qa5 15.
Bg5 Nxe4 16. Rxe4 h6 17. Bc1 Ne7 18. Qe3 Rfd8 19. Qe2 Rd7 20. c3 Rad8 21. h4 Qb5
22. Qxb5 cxb5 23. Be3 Nc6 24. f4 1/2-1/2

[Event "SPICE Cup Open 2016"]
[Site "Saint Louis USA"]
[Date "2016.10.21"]
[Round "8.4"]
[White "Durarbayli, Vasif"]
[Black "Brown, Michael William"]
[Result "1-0"]
[WhiteTitle "GM"]
[BlackTitle "IM"]
[WhiteElo "2608"]
[BlackElo "2431"]
[WhiteFideId "13402935"]
[BlackFideId "2037602"]
[EventDate "2016.10.17"]
[EventType "swiss"]

1. e4 e5 2. Nf3 Nc6 3. Bb5 a6 4. Ba4 Nf6 5. O-O Be7 6. Re1 b5 7. Bb3 d6 8. c3
O-O 9. h3 Nb8 10. d4 Nbd7 11. Nbd2 Bb7 12. Bc2 Re8 13. Nf1 Bf8 14. Bg5 h6 15.
Bh4 c6 16. N3h2 Qc7 17. Qf3 exd4 18. cxd4 c5 19. d5 Ne5 20. Qd1 Nfd7 21. f4 Ng6
22. Bg3 c4 23. Ne3 Be7 24. Nhg4 Bh4 25. Bxh4 Nxh4 26. f5 Qc5 27. Nf2 Nf6 28. g3
Nxd5 29. Nxd5 Nxf5 30. exf5 Bxd5 31. f6 Re6 32. Rxe6 Bxe6 33. Qf3 Rd8 34. fxg7
Qd4 35. Qc3 Qxg7 36. Rd1 b4 37. Qxg7+ Kxg7 38. b3 c3 39. Nd3 a5 40. Nf4 Kf6 41.
Kf2 d5 42. Ke3 Ke5 43. Rd4 Rg8 44. g4 Rb8 45. Ne2 Rh8 46. Nf4 Rb8 47. Nd3+ Kd6
48. a3 bxa3 49. Ra4 f5 50. Rxa3 fxg4 51. hxg4 Rg8 52. Rxa5 Rxg4 53. Ra6+ Ke7 54.
Nf4 Bf7 55. Rxh6 d4+ 56. Kf3 Rg1 57. Ke4 Rg4 58. Rb6 Bg8 59. Ke5 Kd7 60. Rd6+
Kc7 61. Rxd4 Rg5+ 62. Kf6 Rb5 63. Rd3 Rc5 64. Ne6+ Bxe6 65. Kxe6 Kc6 66. Rd6+
Kb5 67. Rd5 1-0